| 000 | 00418nam a2200109Ia 4500 | ||
|---|---|---|---|
| 008 | 171212s9999 xx 000 0 und d | ||
| 100 | _aGarber, Steven | ||
| 245 |
_cGarber, Steven _aEconomic Effects of Product Liability and Other Litigation Involving the Safety and Effectiveness of Pharmaceuticals |
||
| 260 |
_bRAND Corporation _c2013 |
||
| 650 | _aHealth Sciences | ||
| 856 | _uwww.jstor.org/stable/10.7249/j.ctt2jc9fj | ||
| 999 |
_c351976 _d351976 |
||